00388nam a2200181Ia 4500003000900000008004100009040001300050040001300063041000800076100001700084245003500101250001100136260002100147260000900168300000800177490001500185490000600200IT-RoPAU120407s9999 xx 000 0 und d aIT-RoPAU cIT-RoPAU aita aTihamer Toth aMatrimonio e famiglia. 6. ed. aMilano aEdizioni Paoline c1959 c cm a(Famiglia) v1